Linear multivariable control theory (Record no. 12414)

000 -LEADER
fixed length control field 00538nam a22002057a 4500
001 - CONTROL NUMBER
control field 12414
003 - CONTROL NUMBER IDENTIFIER
control field BD-DhUET
008 - FIXED-LENGTH DATA ELEMENTS--GENERAL INFORMATION
fixed length control field 150225s1981 ii a|||| |||| 001 0 eng d
020 ## - INTERNATIONAL STANDARD BOOK NUMBER
International Standard Book Number 0074515128
040 ## - CATALOGING SOURCE
Transcribing agency 0
Modifying agency BD-DhUET
082 ## - DEWEY DECIMAL CLASSIFICATION NUMBER
Classification number 629.432
Item number APT/1981
100 ## - MAIN ENTRY--PERSONAL NAME
Personal name Apte Y. S.
245 ## - TITLE STATEMENT
Title Linear multivariable control theory
250 ## - EDITION STATEMENT
Edition statement 1st ed.
260 ## - PUBLICATION, DISTRIBUTION, ETC. (IMPRINT)
Place of publication, distribution, etc. New Delhi
Name of publisher, distributor, etc. Tata McGraw-Hill
Date of publication, distribution, etc. 1981
300 ## - PHYSICAL DESCRIPTION
Extent xii, 164 p.
Other physical details ill.
Dimensions 25 cm.
504 ## - BIBLIOGRAPHY, ETC. NOTE
Bibliography, etc Includes bibliographies
650 #0 - SUBJECT ADDED ENTRY--TOPICAL TERM
Topical term or geographic name as entry element Multivariable control theory
942 ## - ADDED ENTRY ELEMENTS (KOHA)
Koha item type General Book
Holdings
Koha normalized classification for sorting Copy number Damaged status Sublocation or collection (holding branch) Location (home branch) Koha date last seen Date acquired Shelving location Lost status Withdrawn status Not for loan Price effective from Piece designation (barcode) Koha item type Koha full call number Source of classification or shelving scheme
629_432000000000000_APT_19811 Central Library, BUETCentral Library, BUET2015-02-252015-02-25Circulation section   2015-02-2558424General Book629.432/APT/1981 
629_432000000000000_APT_19812 Central Library, BUETCentral Library, BUET2015-02-252015-02-25Cataloging section   2015-02-2558428General Book629.432/APT/1981 
629_432000000000000_APT_19813 Central Library, BUETCentral Library, BUET2015-02-252015-02-25Circulation section   2015-02-2558427General Book629.432/APT/1981 
629_432000000000000_APT_19814 Central Library, BUETCentral Library, BUET2015-02-252015-02-25Circulation section   2015-02-2558426General Book629.432/APT/1981 
629_432000000000000_APT_19815 Central Library, BUETCentral Library, BUET2015-02-252015-02-25Circulation section   2015-02-2558425General Book629.432/APT/1981 
629_432000000000000_APT_19816 Central Library, BUETCentral Library, BUET2015-02-252015-02-25Circulation section   2015-02-2558422General Book629.432/APT/1981 
629_432000000000000_APT_19817 Central Library, BUETCentral Library, BUET2015-02-252015-02-25Circulation section   2015-02-2558423General Book629.432/APT/1981 
629_432000000000000_APT_19818 Central Library, BUETCentral Library, BUET2015-05-072015-05-07Circulation section   2015-05-07 58420General Book629.432/APT/1981